[Event "Barcelona Sant Marti op 8th"]
[Site "Barcelona"]
[Date "2019.01.24"]
[Round "2"]
[White "Alcaraz Lopez, Francesco"]
[Black "Anguera Maestro, Jaime"]
[Result "1-0"]
[WhiteElo "1805"]
[BlackElo "2112"]
[PlyCount "115"]
[EventDate "2019.01.17"]
[EventType "swiss"]
[EventRounds "9"]
[EventCountry "ESP"]
[SourceTitle "CBM 189 Extra"]
[Source "ChessBase"]
[SourceDate "2019.06.03"]
[SourceVersion "1"]
[SourceVersionDate "2019.06.03"]
[SourceQuality "1"]

1. c4 c5 2. Nc3 Nc6 3. g3 g6 4. Bg2 Bg7 5. Nf3 e6 6. e3 Nge7 7. 0-0 0-0 8. d4 cxd4 9. exd4 d5 10. c5 b6 11. cxb6 axb6 12. Be3 Nf5 13. a3 Ba6 14. Re1 Rc8 15. Rc1 b5 16. b4 e5 17. dxe5 d4 18. Bg5 Qd7 19. Ne4 Nxe5 20. Nxe5 Bxe5 21. Nc5 Rxc5 22. Rxc5 Bd6 23. Rc2 Bb7 24. Bxb7 Qxb7 25. Qd3 f6 26. Bc1 Qd5 27. Qe4 Qxe4 28. Rxe4 Be5 29. Re1 Rd8 30. Rc5 d3 31. Be3 Bb2 32. Rd1 Bxa3 33. Rxb5 Bb2 34. Kg2 h5 35. h4 Kf7 36. Rb7+ Ke6 37. Rb6+ Ke5 38. Rc6 Ke4 39. Rc4+ Bd4 40. Bxd4 Rxd4 41. Rc3 Rd6 42. b5 g5 43. hxg5 fxg5 44. Rb3 Rb6 45. Rdxd3 Nd4 46. Re3+ Kd5 47. Rb1 Rxb5 48. Rxb5+ Nxb5 49. Re8 Nd4 50. Rh8 Ke5 51. Rxh5 Kf5 52. Rh8 g4 53. Rf8+ Kg5 54. Kf1 Ne6 55. Ra8 Nd4 56. Ra5+ Kg6 57. Rd5 Nf3 58. Ke2 1-0

[Event "Barcelona Sant Marti op-A 20th"]
[Site "Barcelona"]
[Date "2018.07.20"]
[Round "8"]
[White "Martinez Aguero, Francisco"]
[Black "Alcaraz Lopez, Francesco"]
[Result "1-0"]
[WhiteElo "1504"]
[BlackElo "1889"]
[PlyCount "41"]
[EventDate "2018.07.13"]
[EventType "swiss"]
[EventRounds "9"]
[EventCountry "ESP"]
[SourceTitle "CBM 185 Extra"]
[Source "ChessBase"]
[SourceDate "2018.07.29"]
[SourceVersion "1"]
[SourceVersionDate "2018.07.29"]
[SourceQuality "1"]

1. e4 d6 2. d4 g6 3. Nf3 Bg7 4. Be2 Nf6 5. Nc3 0-0 6. h3 c6 7. 0-0 b5 8. b4 c5 9. dxc5 Nxe4 10. Nxe4 Bxa1 11. Qd5 Qc7 12. Qxa8 Nc6 13. cxd6 exd6 14. Bf4 Be5 15. Nxe5 Bb7 16. Nf6+ Kg7 17. Bh6+ Kxf6 18. Qxf8 Nxe5 19. Bg7+ Ke6 20. Bxe5 dxe5 21. Qc5 1-0

[Event "Barcelona Sant Marti op-A 20th"]
[Site "Barcelona"]
[Date "2018.07.17"]
[Round "5"]
[White "Alcaraz Lopez, Francesco"]
[Black "Gomez Barrera, Javiera Belen"]
[Result "0-1"]
[WhiteElo "1889"]
[BlackElo "2063"]
[PlyCount "92"]
[EventDate "2018.07.13"]
[EventType "swiss"]
[EventRounds "9"]
[EventCountry "ESP"]
[SourceTitle "CBM 185 Extra"]
[Source "ChessBase"]
[SourceDate "2018.07.29"]
[SourceVersion "1"]
[SourceVersionDate "2018.07.29"]
[SourceQuality "1"]

1. c4 Nf6 2. Nc3 g6 3. g3 Bg7 4. Bg2 0-0 5. Nf3 d6 6. 0-0 Nc6 7. d3 e5 8. e4 h6 9. a3 a5 10. Rb1 Bg4 11. h3 Be6 12. Be3 Ne8 13. Qd2 Kh7 14. Nd5 Nd4 15. Ne1 c6 16. Nc3 Qd7 17. Kh2 f5 18. f4 Nf6 19. b3 Ra6 20. Nf3 Nh5 21. exf5 gxf5 22. Bxd4 exd4 23. Ne2 c5 24. a4 Raa8 25. Ne1 Rfe8 26. Nc2 Re7 27. Rbe1 Nf6 28. Ng1 Qc7 29. Nf3 Rae8 30. Re2 b6 31. Rfe1 Qd7 32. Na3 Nh5 33. Nb5 Bf6 34. Rg1 Rg8 35. Bf1 Reg7 36. Reg2 Bf7 37. Be2 Bd8 38. Qd1 Nf6 39. Na3 Be6 40. Nc2 Kh8 41. Nce1 Qe8 42. Nd2 Bd7 43. Bf3 Qf7 44. Nf1 Ng4+ 45. hxg4 fxg4 46. Bd5 Qh5# 0-1

[Event "Barcelona Sant Marti op-A 20th"]
[Site "Barcelona"]
[Date "2018.07.13"]
[Round "1"]
[White "Glimbrant, Torbjorn"]
[Black "Alcaraz Lopez, Francesco"]
[Result "1-0"]
[WhiteElo "2213"]
[BlackElo "1889"]
[PlyCount "123"]
[EventDate "2018.07.13"]
[EventType "swiss"]
[EventRounds "9"]
[EventCountry "ESP"]
[SourceTitle "CBM 185 Extra"]
[Source "ChessBase"]
[SourceDate "2018.07.29"]
[SourceVersion "1"]
[SourceVersionDate "2018.07.29"]
[SourceQuality "1"]

1. c4 c5 2. g3 g6 3. Bg2 Bg7 4. Nc3 Nf6 5. Nf3 0-0 6. 0-0 d5 7. cxd5 Nxd5 8. Nxd5 Qxd5 9. d3 Nc6 10. Be3 Qd6 11. Rc1 Nd4 12. Nxd4 cxd4 13. Bf4 e5 14. Bd2 a6 15. Qa4 Rd8 16. Ba5 Rd7 17. Rc2 Bh6 18. Bb4 Qe6 19. b3 b5 20. Qa5 Bb7 21. Bxb7 Rxb7 22. Bd2 Bxd2 23. Qxd2 Rc8 24. Rfc1 Rbb8 25. h4 h5 26. Kh2 Kg7 27. Qg5 Rxc2 28. Rxc2 Re8 29. f3 Re7 30. Qc1 Qf6 31. Rc8 Re6 32. Qc5 Qe7 33. Qd5 g5 34. Qa8 gxh4 35. Rg8+ Kf6 36. gxh4 Qc7 37. Qe4 Qc1 38. Kg2 Qf4 39. Rg5 Qxe4 40. fxe4 Rc6 41. Rxh5 Rc2 42. Kf3 Rxa2 43. Rh6+ Kg7 44. Rb6 Ra3 45. Kg4 Rxb3 46. Rxa6 Rb1 47. Kf5 b4 48. Kxe5 Re1 49. Rb6 Rxe2 50. Rxb4 Rh2 51. Rxd4 Rxh4 52. Rd8 Rh5+ 53. Kd6 Kf6 54. d4 Ra5 55. e5+ Kg7 56. d5 Ra6+ 57. Ke7 Ra7+ 58. Rd7 Ra1 59. Rb7 Re1 60. e6 fxe6 61. d6 Rf1 62. d7 1-0